Statistiques concernant Drapeaux des territoires français d'outre-mer

Cliquez ici pour prendre le quiz!

Statistiques générales

  • Ce quiz a été pris 278 fois
    (68 depuis la dernière actualisation)
  • Le résultat moyen est 4 sur 6

Statistiques - réponses

Réponse% Correct
Nouvelle-Calédonie
97%
Polynésie Française
79%
Saint-Pierre-et-Miquelon
77%
Wallis-et-Futuna
70%
Terres australes et antarctiques françaises
59%
Saint-Barthélemy
41%

Distribution des résultats

Percentile par nombre de réponses

% des personnes avec chaque résultat

Votre développement - résultats

Vous n’avez pas pris ce quiz depuis la dernière actualisation